Normal view
MARC view
Entry Término temático
001 - NÚMERO DE CONTROL
- campo de control: 182368
003 - IDENTIFICADOR DEL NÚMERO DE CONTROL
- campo de control: OSt
005 - FECHA Y HORA DE LA ÚLTIMA TRANSACCIÓN
- campo de control: 20220601075340.0
008 - DATOS DE LONGITUD FIJA
- campo de control de longitud fija: 220601|| aca||aabn | a|a d
040 ## - FUENTE DE LA CATALOGACIÓN
- Centro catalogador/agencia de origen: OSt
- Centro/agencia transcriptor: OSt
150 ## - ENCABEZAMIENTO--TÉRMINO DE MATERIA
- Término de materia o nombre geográfico como elemento de entrada: 1. Agroforestería - CongresosÌ
670 ## - FUENTE DE DATOS ENCONTRADOS
- Cita de la fuente: Work cat.: (OSt)215112: International Congress on Silvopastoralism and Sustainable Management (2004 : Lugo, Spain) 182366, Silvopastoralism and sustainable land management : proceedings of an International Congress on Silvopastoralism and Sustainble Management held in Lugo, Spain, in April 2004 / Edited by M.R. Mosquera-Losada, A. Rigueiro-Rodríguez and J.McAdam
